|
|
|
|
| LEADER |
00000nam0a2200000 4500 |
| 001 |
159945 |
| 005 |
20231031155414.0 |
| 010 |
|
|
|a 9785160035901
|
| 035 |
|
|
|a (RuTPU)RU\TPU\book\173465
|
| 090 |
|
|
|a 159945
|
| 100 |
|
|
|a 20090515d2009 m y0rusy50 ca
|
| 101 |
0 |
|
|a rus
|
| 102 |
|
|
|a RU
|
| 105 |
|
|
|a a j 001zy
|
| 200 |
1 |
|
|a Управление документами
|e учебник для вузов
|f И. К. Корнеев, А. В. Пшенко, В. А. Машурцев
|
| 210 |
|
|
|a Москва
|c Инфра-М
|d 2009
|
| 215 |
|
|
|a 300 с.
|c ил.
|
| 225 |
1 |
|
|a Высшее образование
|
| 333 |
|
|
|a Исключено из фонда НТБ ТПУ
|
| 700 |
|
1 |
|a Корнеев
|b И. К.
|g Игорь Константинович
|
| 701 |
|
1 |
|a Пшенко
|b А. В.
|g Александр Владимирович
|
| 701 |
|
1 |
|a Машурцев
|b В. А.
|g Владимир Адамович
|
| 801 |
|
1 |
|a RU
|b 63413507
|c 20090515
|g PSBO
|
| 801 |
|
2 |
|a RU
|b 63413507
|c 20220607
|g RCR
|
| 942 |
|
|
|c BK
|
| 959 |
|
|
|a 58/20090508
|d 1
|e 167,90
|f ЧЗГЛ:1
|